000 00293nam a22001337a 4500
008 170327b xxu||||| |||| 00| 0 eng d
020 _a9780813120416
041 _aeng
080 _a615.83
100 _a8
101 _aSHM
245 _aBASSEBALLS PIVOTAL ERA
_cMARSHALL.W
942 _2udc
_cBK
999 _c8699
_d8699